书目信息 |
| 题名: |
教师不可不知的心理学
|
|
| 作者: | 唐全腾 著 | |
| 分册: | ||
| 出版信息: | 上海 华东师范大学出版社 2008.07 |
|
| 页数: | 179页 | |
| 开本: | 24cm | |
| 丛书名: | ||
| 单 册: | ||
| 中图分类: | G443 | |
| 科图分类: | ||
| 主题词: | 教师心理学--jiao shi xin li xue | |
| 电子资源: | ||
| ISBN: | 978-7-5617-5958-5 | |
| 000 | 00855nam0 2200253 450 | |
| 001 | 012009438347 | |
| 005 | 20090621190139.09 | |
| 010 | @a978-7-5617-5958-5@dCNY25.00 | |
| 100 | @a20090621d2008 em y0chiy0120 ea | |
| 101 | 0 | @achi |
| 102 | @aCN@b310000 | |
| 105 | @ay z 000yy | |
| 106 | @ar | |
| 200 | 1 | @a教师不可不知的心理学@Ajiao shi bu ke bu zhi de xin li xue@f唐全腾著@Ftang quan teng zhu |
| 210 | @a上海@c华东师范大学出版社@d2008.07 | |
| 215 | @a179页@d24cm | |
| 300 | @a创智学习 | |
| 306 | @a台湾心理出版社股份有限公司授权出版 | |
| 330 | @a本书主要内容包括:从众、单纯曝光效果、模仿、跛足策略、过度辩证效应、恋爱基模、睡眠效果、联结与强化、自我实现预言等。 | |
| 606 | 0 | @a教师心理学@Ajiao shi xin li xue |
| 690 | @aG443@v4 | |
| 701 | 0 | @a唐全腾@Atang quan teng@4著 |
| 801 | 0 | @aCN@bQSSK@c20090621 |
| 905 | @b743494-96@dG443@eT256@f3 | |
| 教师不可不知的心理学/唐全腾著.-上海:华东师范大学出版社,2008.07 |
| 179页;24cm |
| 创智学习 |
| ISBN 978-7-5617-5958-5:CNY25.00 |
| 本书主要内容包括:从众、单纯曝光效果、模仿、跛足策略、过度辩证效应、恋爱基模、睡眠效果、联结与强化、自我实现预言等。 |
| ● |
| 相关链接 |
|
|
|
正题名:教师不可不知的心理学
索取号:G443/T256
 
预约/预借
| 序号 | 登录号 | 条形码 | 馆藏地/架位号 | 状态 | 备注 |
| 1 | 743494 | 207434944 | 社科库409/409社科库 3排3列5层/ [索取号:G443/T256] | 在馆 | |
| 2 | 743495 | 207434953 | 社科库409/409社科库 3排3列5层/ [索取号:G443/T256] | 在馆 | |
| 3 | 743496 | 207434962 | 社科库409/409社科库 3排3列5层/ [索取号:G443/T256] | 在馆 |